000 00786cam a2200265 a 4500
001 16421984
005 20180313103146.0
008 100818s2012 ohua 001 0 eng
010 _a 2010935205
020 _a9780538746311
020 _a0538746319
040 _aDLC
_cDLC
_dDLC
041 _aeng
042 _apcc
080 _a005.54 CLI
082 0 0 _a005.54 CLI
_223
100 1 _a36
101 _aSHK
245 1 0 _aSpreadsheet modeling & decision analysis :
_cCliff T. Ragsdale.
246 3 _aSpreadsheet modeling and decision analysis
906 _a7
_bcbc
_corigcop
_d2
_eepcn
_f20
_gy-gencatlg
942 _2ddc
_cBK
999 _c44935
_d44935